| 000 | 00539nam a22001577a 4500 | ||
|---|---|---|---|
| 003 | NUST | ||
| 038 | _aNusrat Nadeem | ||
| 082 | _a200 | ||
| 100 |
_aAmara Umar, _9133427 |
||
| 245 |
_aPerformance Analysis and Resource Optimization in Aerial Access and Edge Computing Networks for 6G/ _cUmar, Amara |
||
| 264 |
_aIslamabad: _bSEECS NUST _c2025. |
||
| 650 |
_aPhD-Electrical Engineering _984162 |
||
| 700 |
_aSupervisor: Prof. Syed Ali Hassan _9124796 |
||
| 856 | _uhttp://10.250.8.41:8080/xmlui/handle/123456789/57440 | ||
| 942 |
_2ddc _cSC |
||
| 999 |
_c616377 _d616377 |
||